Allgemeine Betriebswirtschaftslehre Umfassende Einführung aus managementorientierter Sicht

Gespeichert in:
Bibliographische Detailangaben
1. Verfasser: Thommen, Jean-Paul
Format: Buch
Sprache:Deutsch
Veröffentlicht: Wiesbaden Gabler 1991
Ausgabe:1. Aufl.
Schlagworte:
Tags: Tag hinzufügen
Keine Tags, Fügen Sie das erste Tag hinzu!

MARC

LEADER 00000nam a2200000 4500
001 c000030
005 20221206114411.2
020 |a 3-409-13016-0 
041 0 |a ger 
044 |a DE 
245 1 0 |a Allgemeine Betriebswirtschaftslehre  |b Umfassende Einführung aus managementorientierter Sicht  |c Jean-Paul Thommen 
250 |a 1. Aufl. 
264 1 |a Wiesbaden  |b Gabler  |c 1991 
300 |a 837 s. 
610 2 0 |a manažment 
610 2 0 |a veda o podniku 
610 2 0 |a marketing 
610 2 0 |a účtovníctvo 
610 2 0 |a materiál 
610 2 0 |a výroba 
610 2 0 |a investície 
610 2 0 |a organizácia podniku 
610 2 0 |a riadenie podnikové 
610 2 0 |a financie podnikové 
100 1 |a Thommen, Jean-Paul